Loading...
| Any History | 8 | 15.00 | 100% | 50% | 0% |
| Current Events | 2 | 20.00 | 100% | 50% | 50% |
| Fine Arts - Classical Music | 10 | 12.00 | 90% | 30% | 0% |
| Fine Arts - Other | 11 | 19.09 | 100% | 73% | 18% |
| Geography | 5 | 18.00 | 100% | 80% | 0% |
| History - American | 10 | 20.00 | 100% | 90% | 10% |
| History - European | 11 | 20.00 | 100% | 82% | 18% |
| History - World | 14 | 15.71 | 100% | 43% | 14% |
| Literature - American | 9 | 16.67 | 100% | 67% | 0% |
| Literature - British | 7 | 21.43 | 100% | 100% | 14% |
| Literature - European | 10 | 17.00 | 100% | 60% | 10% |
| Literature - World | 10 | 17.00 | 100% | 70% | 0% |
| Mythology | 4 | 17.50 | 100% | 75% | 0% |
| Other Academic | 8 | 18.75 | 100% | 75% | 13% |
| Painting & Sculpture | 7 | 20.00 | 100% | 71% | 29% |
| Philosophy | 8 | 16.25 | 100% | 50% | 13% |
| Religion | 10 | 18.00 | 100% | 70% | 10% |
| Science - Biology | 8 | 18.75 | 100% | 63% | 25% |
| Science - Chemistry | 11 | 21.82 | 100% | 91% | 27% |
| Science - Other | 7 | 12.86 | 100% | 29% | 0% |
| Science - Physics | 12 | 16.67 | 100% | 67% | 0% |
| Social Science | 6 | 16.67 | 100% | 67% | 0% |